[Event "Gap op"]
[Site "Gap"]
[Date "2009.04.28"]
[Round "3"]
[White "Avon, Hugo"]
[Black "Jouet, Philippe"]
[Result "0-1"]
[WhiteElo "1727"]
[BlackElo "1894"]
[PlyCount "80"]
[EventDate "2009.04.??"]
[EventType "swiss"]
[EventRounds "9"]
[EventCountry "FRA"]
[SourceTitle "EXT 2011"]
[Source "ChessBase"]
[SourceDate "2010.11.26"]
[SourceVersion "1"]
[SourceVersionDate "2010.11.26"]
[SourceQuality "1"]

1. d4 d5 2. c4 e6 3. Nc3 Nf6 4. Bg5 c6 5. Nf3 Nbd7 6. e3 Qa5 7. Be2 Ne4 8. Qc2 Bb4 9. Rc1 Qxa2 10. 0-0 Bxc3 11. bxc3 Qxc2 12. Rxc2 Nxg5 13. Nxg5 b6 14. Ra1 0-0 15. cxd5 exd5 16. c4 dxc4 17. Bxc4 Bb7 18. e4 h6 19. Nxf7 Rxf7 20. Bxf7+ Kxf7 21. e5 g5 22. Re1 Ke6 23. f3 b5 24. Rb2 Nb6 25. h4 a5 26. hxg5 hxg5 27. Re4 a4 28. Rg4 a3 29. Ra2 b4 30. Rxg5 b3 31. Rg6+ Kd5 32. Rd6+ Kc4 33. Re2 a2 34. e6 a1Q+ 35. Kf2 b2 36. e7 b1Q 37. Rd8 Qf1+ 38. Ke3 Nd5+ 39. Rxd5 Kxd5 40. Rc2 Qxd4# 0-1

[Event "Gap op"]
[Site "Gap"]
[Date "2009.04.27"]
[Round "2"]
[White "Avon, Hugo"]
[Black "Auque, Aurelien"]
[Result "1/2-1/2"]
[WhiteElo "1727"]
[BlackElo "1960"]
[PlyCount "26"]
[EventDate "2009.04.??"]
[EventType "swiss"]
[EventRounds "9"]
[EventCountry "FRA"]
[SourceTitle "EXT 2011"]
[Source "ChessBase"]
[SourceDate "2010.11.26"]
[SourceVersion "1"]
[SourceVersionDate "2010.11.26"]
[SourceQuality "1"]

1. d4 Nf6 2. c4 c5 3. d5 b5 4. cxb5 e6 5. dxe6 fxe6 6. Nc3 d5 7. e3 Bb7 8. Nf3 Bd6 9. Bd3 0-0 10. Qa4 Nbd7 11. Qh4 Ne5 12. Nxe5 Bxe5 13. 0-0 d4 1/2-1/2